[Event "XIII Konik Morski Rewala - Open B"]
[Site "Rewal"]
[Date "2008.08.21"]
[Round "3"]
[White "Trepkowski, Piotr"]
[Black "Wojtaszewski, Piotr"]
[Result "1-0"]
[WhiteElo "1932"]
[BlackElo "1998"]
[PlyCount "39"]
[EventDate "2008.??.??"]

1. e4 g6 2. d4 Bg7 3. Nc3 d6 4. f4 Nf6 5. Nf3 Bg4 6. h3 Bxf3 7. Qxf3 Nfd7 8.
Be3 c5 9. dxc5 dxc5 10. Bd3 e5 11. f5 Nc6 12. O-O O-O 13. Nd5 f6 14. fxg6 hxg6
15. Qg4 g5 16. Bc4 Kh7 17. h4 Bh6 18. hxg5 fxg5 19. Rxf8 Qxf8 20. Qxd7+ 1-0

[Event "XIII Konik Morski Rewala - Open B"]
[Site "Rewal"]
[Date "2008.08.21"]
[Round "3"]
[White "Poswiatowski, Michal"]
[Black "Plicner, Adam"]
[Result "0-1"]
[WhiteElo "1775"]
[BlackElo "2060"]
[PlyCount "60"]
[EventDate "2008.??.??"]

1. e4 c5 2. Nf3 Nc6 3. d4 cxd4 4. Nxd4 Nf6 5. Nc3 g6 6. Be3 Bg7 7. f3 O-O 8. g4
Nxd4 9. Bxd4 Qa5 10. Qd2 d6 11. O-O-O Be6 12. Kb1 Rfc8 13. a3 Rab8 14. g5 Nh5
15. Bxg7 Nxg7 16. Nb5 Qb6 17. Nd4 Bc4 18. Bh3 Rc5 19. Bg4 e5 20. Nb3 Bxb3 21.
cxb3 Rd8 22. b4 Rc4 23. Qe2 Rc7 24. h4 Ne6 25. Bxe6 fxe6 26. h5 gxh5 27. Rxh5
Rdc8 28. Qg2 Qe3 29. Ka2 Rc2 30. Qf1 R8c3 0-1

[Event "XIII Konik Morski Rewala - Open B"]
[Site "Rewal"]
[Date "2008.08.21"]
[Round "3"]
[White "Czaja, Roman"]
[Black "Wasik, Jozef"]
[Result "1-0"]
[WhiteElo "2115"]
[BlackElo "1881"]
[PlyCount "87"]
[EventDate "2008.??.??"]

1. c4 c5 2. Nc3 Nc6 3. g3 g6 4. Bg2 Bg7 5. e3 d6 6. Nge2 e5 7. a3 Nge7 8. Rb1
Be6 9. d3 a5 10. O-O O-O 11. Nd5 f5 12. Nec3 Rb8 13. Bd2 g5 14. f4 Ng6 15. Qe2
gxf4 16. gxf4 exf4 17. Nxf4 Nxf4 18. Rxf4 Be5 19. Rf2 Qh4 20. Bd5 Rbe8 21. Kh1
Kh8 22. Rbf1 f4 23. Bxe6 Rxe6 24. Ne4 Bxb2 25. Be1 Bg7 26. Rxf4 Qe7 27. Rxf8+
Bxf8 28. Qh5 Ne5 29. Qf5 Ng6 30. Bxa5 Bg7 31. Bd8 Qe8 32. Bf6 Bxf6 33. Nxf6 Qe7
34. Nd5 Qe8 35. Rb1 Rxe3 36. Nxe3 Qxe3 37. Qe4 Qxe4+ 38. dxe4 Ne5 39. Rxb7 Nxc4
40. a4 h6 41. Kg1 Kg8 42. Kf2 Kf8 43. Ke2 Ke8 44. h4 1-0

[Event "XIII Konik Morski Rewala - Open B"]
[Site "Rewal"]
[Date "2008.08.21"]
[Round "3"]
[White "Sujkowski, Pawel"]
[Black "Brudzinski, Maciej"]
[Result "1-0"]
[WhiteElo "1850"]
[BlackElo "2092"]
[PlyCount "121"]
[EventDate "2008.??.??"]

1. e4 d6 2. d4 Nf6 3. Nc3 Nbd7 4. Be3 e5 5. Nf3 c6 6. dxe5 Nxe5 7. Nxe5 dxe5 8.
Qxd8+ Kxd8 9. O-O-O+ Kc7 10. f3 Be6 11. Kb1 Nd7 12. Be2 b5 13. f4 Nb6 14. f5
Bc4 15. Bxb6+ axb6 16. Bxc4 bxc4 17. Rd2 Be7 18. Rhd1 Rhd8 19. Rxd8 Bxd8 20.
Ne2 Bg5 21. Ng1 Be3 22. Nf3 f6 23. b3 cxb3 24. cxb3 Bc5 25. Rd3 Ra5 26. Nd2 Bd4
27. Rh3 Ra7 28. Rxh7 Kd6 29. g4 b5 30. h4 Be3 31. Nf3 Kc5 32. g5 fxg5 33. hxg5
Rd7 34. Kc2 Ra7 35. Kd3 Bf4 36. f6 Rxa2 37. f7 Kb4 38. f8=Q+ c5 39. Qf7 Rb2 40.
g6 Rxb3+ 41. Qxb3+ Kxb3 42. Rxg7 c4+ 43. Ke2 c3 44. Ne1 b4 45. Nd3 c2 46. Rb7
Bh6 47. Rxb4+ Kc3 48. Rb7 Kd4 49. g7 Bxg7 50. Rxg7 Kxe4 51. Kd2 Kd4 52. Kxc2 e4
53. Ne1 Ke3 54. Kd1 Kf2 55. Rf7+ Ke3 56. Ng2+ Kd3 57. Ke1 e3 58. Nxe3 Ke4 59.
Ke2 Ke5 60. Kd3 Ke6 61. Rf1 1-0

[Event "XIII Konik Morski Rewala - Open B"]
[Site "Rewal"]
[Date "2008.08.21"]
[Round "3"]
[White "Pienkos, Slawomir"]
[Black "Gluszko, Monika"]
[Result "1/2-1/2"]
[WhiteElo "2026"]
[BlackElo "1848"]
[PlyCount "41"]
[EventDate "2008.??.??"]

1. e4 c5 2. f4 d5 3. e5 Nc6 4. Nf3 Bg4 5. Be2 e6 6. O-O Nge7 7. h3 Bxf3 8. Bxf3
Nf5 9. d3 g5 10. fxg5 Nxe5 11. Nc3 Nd4 12. Bh5 Be7 13. Bf4 Ng6 14. Qg4 O-O 15.
Rae1 Nxc2 16. Rxe6 Nxf4 17. Rxf4 fxe6 18. Qxe6+ Kh8 19. Qe5+ Kg8 20. Qe6+ Kh8
21. Qe5+ 1/2-1/2

[Event "XIII Konik Morski Rewala - Open B"]
[Site "Rewal"]
[Date "2008.08.21"]
[Round "3"]
[White "Markiewicz, Mateusz"]
[Black "Grochulski, Grzegorz"]
[Result "0-1"]
[WhiteElo "2013"]
[BlackElo "1856"]
[PlyCount "46"]
[EventDate "2008.??.??"]

1. e4 Nf6 2. Nc3 d5 3. exd5 Nxd5 4. Bc4 e6 5. Nge2 b6 6. d4 Bb7 7. Nxd5 Bxd5 8.
Bxd5 Qxd5 9. O-O Be7 10. Nf4 Qd8 11. Qg4 Qxd4 12. Rd1 Qf6 13. Nh5 Qg6 14. Nxg7+
Kf8 15. Qf3 Nc6 16. Qxc6 Kxg7 17. Bf4 Bd6 18. Bxd6 cxd6 19. Rd3 Rac8 20. Qxd6
Rhd8 21. Qe5+ Kf8 22. Rad1 Rxd3 23. Rxd3 Qxd3 0-1

[Event "XIII Konik Morski Rewala - Open B"]
[Site "Rewal"]
[Date "2008.08.21"]
[Round "3"]
[White "Kulas, Szymon"]
[Black "Solnicki, Michal"]
[Result "1/2-1/2"]
[WhiteElo "1845"]
[BlackElo "2010"]
[PlyCount "74"]
[EventDate "2008.??.??"]

1. e4 c5 2. Nf3 g6 3. d4 cxd4 4. Nxd4 Bg7 5. c4 Nc6 6. Nc2 Nf6 7. Nc3 d6 8. Be2
Bd7 9. Be3 O-O 10. O-O Qa5 11. Nd4 Rfc8 12. f4 a6 13. Rc1 Nxd4 14. Bxd4 Be6 15.
b3 Rab8 16. Ba7 Ra8 17. Bd4 b5 18. cxb5 axb5 19. Bf3 Rab8 20. Qd3 Bd7 21. Qd2
Bc6 22. Rfe1 Ne8 23. Bxg7 Nxg7 24. Rc2 Rb7 25. Nd5 Qxd2 26. Rxd2 Bxd5 27. Rxd5
Ne8 28. e5 e6 29. Rd4 d5 30. Rb4 Rc5 31. a4 Nc7 32. Be2 Kf8 33. Kf2 Ke8 34. Ke3
Kd7 35. Kd4 Kc6 36. g4 Rb6 37. Rb1 bxa4 1/2-1/2

[Event "XIII Konik Morski Rewala - Open B"]
[Site "Rewal"]
[Date "2008.08.21"]
[Round "3"]
[White "Witek, Pawel"]
[Black "Statucki, Maciej"]
[Result "1/2-1/2"]
[WhiteElo "1998"]
[BlackElo "1568"]
[PlyCount "135"]
[EventDate "2008.??.??"]

1. d4 Nf6 2. c4 g6 3. Nc3 d5 4. Bg5 Ne4 5. Nf3 Bg7 6. cxd5 Nxc3 7. bxc3 Qxd5 8.
e3 Bf5 9. Qb3 Qxb3 10. axb3 c5 11. Bc4 h6 12. Bf4 Nc6 13. Ke2 O-O 14. d5 Nd8
15. Be5 b6 16. Bb5 Be4 17. Bxg7 Kxg7 18. c4 a5 19. Nd2 Bxg2 20. Rhg1 Bh3 21. e4
Nb7 22. Bc6 Ra7 23. e5 f6 24. Rg3 Bf5 25. f4 Nd8 26. Bb5 Nf7 27. Nf3 fxe5 28.
fxe5 Be4 29. Rf1 Raa8 30. d6 exd6 31. e6 Ne5 32. Nxe5 dxe5 33. e7 Rxf1 34. Kxf1
Kf7 35. e8=Q+ Rxe8 36. Bxe8+ Kxe8 37. Re3 Bc2 38. Rxe5+ Kd7 39. Re3 a4 40. bxa4
Bxa4 41. Ke2 b5 42. Kd3 Kd6 43. Rf3 Ke5 44. Kc3 h5 45. Rg3 Kf5 46. h4 bxc4 47.
Kxc4 Bd1 48. Rg5+ Kf4 49. Rg1 Bg4 50. Kxc5 g5 51. Rf1+ Kg3 52. hxg5 h4 53. g6
Kg2 54. g7 Be6 55. Re1 Bf7 56. Re7 Bb3 57. Rb7 Bg8 58. Rb8 Be6 59. Kd6 Bf7 60.
Rf8 Bb3 61. g8=Q+ Bxg8 62. Rxg8+ Kf2 63. Rh8 Kg3 64. Ke5 h3 65. Ke4 h2 66. Ke3
Kg2 67. Rg8+ Kh1 68. Kf2 1/2-1/2

[Event "XIII Konik Morski Rewala - Open B"]
[Site "Rewal"]
[Date "2008.08.21"]
[Round "3"]
[White "Liberadzki, Slawomir"]
[Black "Misztal, Piotr"]
[Result "1-0"]
[WhiteElo "1969"]
[BlackElo "1806"]
[PlyCount "53"]
[EventDate "2008.??.??"]

1. e4 c5 2. c3 d5 3. exd5 Qxd5 4. d4 e6 5. Na3 a6 6. Nc4 Nd7 7. Nf3 Ngf6 8. Bf4
cxd4 9. Qxd4 Qxd4 10. Nxd4 b5 11. Nd6+ Bxd6 12. Bxd6 Bb7 13. f3 Nb6 14. O-O-O
Nfd5 15. Bc5 Rc8 16. Nb3 Nc4 17. Bd4 Nde3 18. Rd3 Nf5 19. Nc5 Nxd4 20. Nxb7 Nf5
21. g4 Nfe3 22. b3 Nxf1 23. bxc4 Ke7 24. Rxf1 Rc7 25. Nd6 Rd8 26. Rfd1 Rcd7 27.
Nc8+ 1-0

[Event "XIII Konik Morski Rewala - Open B"]
[Site "Rewal"]
[Date "2008.08.21"]
[Round "3"]
[White "Suwara, Piotr"]
[Black "Skwarnicki, Adam"]
[Result "1/2-1/2"]
[WhiteElo "1778"]
[BlackElo "2053"]
[PlyCount "67"]
[EventDate "2008.??.??"]

1. e4 e6 2. d4 d5 3. Nc3 Bb4 4. a3 Bxc3+ 5. bxc3 c5 6. Qg4 Nf6 7. Qxg7 Rg8 8.
Qh6 Rg6 9. Qe3 Nxe4 10. Bd3 Qa5 11. Ne2 cxd4 12. Qxd4 Nc6 13. Qh8+ Ke7 14. f3
Qa4 15. Nf4 Rg5 16. fxe4 dxe4 17. Be2 Qxc2 18. Bd1 Bd7 19. Bxc2 Rxh8 20. Bxe4
Re5 21. O-O Rxe4 22. Nh5 Re5 23. Nf6 Rf5 24. Rxf5 exf5 25. Bg5 h6 26. Bh4 Be6
27. Rd1 Rc8 28. Nh7+ Ke8 29. Bg3 Ne7 30. Nf6+ Kf8 31. Bd6 Rxc3 32. Nh7+ Kg8 33.
Nf6+ Kf8 34. Nh7+ 1/2-1/2

[Event "XIII Konik Morski Rewala - Open B"]
[Site "Rewal"]
[Date "2008.08.21"]
[Round "3"]
[White "Delekta, Anna"]
[Black "Turcheniac, Mariya"]
[Result "1-0"]
[WhiteElo "1706"]
[BlackElo "2024"]
[PlyCount "77"]
[EventDate "2008.??.??"]

1. e4 d5 2. exd5 Qxd5 3. Nc3 Qd6 4. Nf3 Bg4 5. Bc4 Nf6 6. O-O a6 7. a3 Nc6 8.
d4 e6 9. d5 Bxf3 10. gxf3 exd5 11. Nxd5 Nxd5 12. Qxd5 Qg6+ 13. Kh1 Rd8 14. Qe4+
Be7 15. Rg1 Qxe4 16. fxe4 Bf6 17. c3 Ne5 18. Ba2 Nd3 19. f3 Nxc1 20. Raxc1 Be5
21. Rcf1 g6 22. f4 Bf6 23. e5 Bg7 24. Rg2 Rf8 25. h4 Rd3 26. Kh2 Ke7 27. Bc4
Rd7 28. Re2 Rfd8 29. e6 Rd2 30. Rff2 Rxe2 31. Rxe2 f5 32. a4 Rd6 33. Kg3 Rd1
34. Kg2 Bh6 35. Bb3 Rd6 36. Rf2 Bg7 37. Kh1 h5 38. Rg2 Kf6 39. Rxg6+ 1-0

[Event "XIII Konik Morski Rewala - Open B"]
[Site "Rewal"]
[Date "2008.08.21"]
[Round "3"]
[White "Sieliwonik, Katarzyna"]
[Black "Sokolowski, Krzysztof"]
[Result "1/2-1/2"]
[WhiteElo "1676"]
[BlackElo "2021"]
[PlyCount "52"]
[EventDate "2008.??.??"]

1. e4 c5 2. Nf3 d6 3. d4 cxd4 4. Nxd4 Nf6 5. Nc3 a6 6. Be2 e5 7. Nf3 b5 8. a3
Bb7 9. Qd3 Nbd7 10. Be3 Be7 11. O-O O-O 12. Rfd1 Qc7 13. Nh4 Rfd8 14. Nf5 Nc5
15. Bxc5 dxc5 16. Qg3 Bf8 17. Nh6+ Kh8 18. Qxe5 Qxe5 19. Nxf7+ Kg8 20. Nxe5 Bd6
21. Ng4 Nxe4 22. Nxe4 Bxe4 23. Bd3 Bc6 24. Re1 h5 25. Ne5 Be8 26. Ng6 c4
1/2-1/2

[Event "XIII Konik Morski Rewala - Open B"]
[Site "Rewal"]
[Date "2008.08.21"]
[Round "3"]
[White "Zanin, Dario"]
[Black "Wozniak, Bartosz"]
[Result "1/2-1/2"]
[WhiteElo "2000"]
[BlackElo "1737"]
[PlyCount "118"]
[EventDate "2008.??.??"]

1. Nf3 c5 2. c4 Nc6 3. g3 g6 4. Bg2 Bg7 5. O-O e5 6. d3 Nge7 7. Nc3 d6 8. Bd2
O-O 9. Rb1 a5 10. a3 Rb8 11. Ne1 Be6 12. Nd5 Bxd5 13. cxd5 Na7 14. Qa4 b6 15.
b4 Ra8 16. bxc5 bxc5 17. Bxa5 Nac8 18. Bxd8 Rxa4 19. Bxe7 Nxe7 20. Nc2 Rfa8 21.
Rb7 Nc8 22. Rfb1 R4a7 23. Rb8 Rxb8 24. Rxb8 Rc7 25. Bh3 f5 26. e4 Bf8 27. exf5
gxf5 28. Bxf5 Ne7 29. Be6+ Kg7 30. h4 h6 31. Ne3 Ra7 32. Nc4 Ra6 33. f4 exf4
34. gxf4 Ng6 35. f5 Nxh4 36. f6+ Kxf6 37. Rxf8+ Ke7 38. Rf7+ Ke8 39. Rd7 Nf3+
40. Kf2 Ne5 41. Nxd6+ Kf8 42. Rd8+ Kg7 43. Rg8+ Kh7 44. Ne4 Rxe6 45. dxe6 Kxg8
46. Nxc5 Kf8 47. d4 Nc4 48. a4 Ke7 49. Kf3 Kd6 50. Ke4 Na5 51. Kf5 Nc6 52. Kf6
h5 53. a5 h4 54. a6 h3 55. a7 h2 56. a8=Q h1=Q 57. Qf8+ Kd5 58. e7 Qh4+ 59. Kf7
Qxe7+ 1/2-1/2

[Event "XIII Konik Morski Rewala - Open B"]
[Site "Rewal"]
[Date "2008.08.21"]
[Round "3"]
[White "Janicki, Jacek"]
[Black "Biszof, Henryk"]
[Result "1-0"]
[WhiteElo "1985"]
[BlackElo "1728"]
[PlyCount "43"]
[EventDate "2008.??.??"]

1. d4 Nf6 2. Nf3 g6 3. Bg5 Bg7 4. Bxf6 Bxf6 5. e3 d6 6. Nbd2 O-O 7. h4 Bg4 8.
Be2 Nd7 9. Ng5 Bxe2 10. Qxe2 e5 11. dxe5 dxe5 12. O-O-O Bxg5 13. hxg5 Qxg5 14.
f4 Qe7 15. f5 g5 16. Ne4 f6 17. Qc4+ Kg7 18. Qxc7 Rad8 19. Nc5 Qxc5 20. Rxd7+
Rxd7 21. Qxc5 b6 22. Rxh7+ 1-0

[Event "XIII Konik Morski Rewala - Open B"]
[Site "Rewal"]
[Date "2008.08.21"]
[Round "3"]
[White "Lewczuk, Antoni"]
[Black "Wasik, Piotr"]
[Result "0-1"]
[WhiteElo "1646"]
[BlackElo "1973"]
[PlyCount "146"]
[EventDate "2008.??.??"]

1. c4 e6 2. g3 d5 3. b3 Nf6 4. Bb2 Be7 5. Bg2 O-O 6. e3 c5 7. d4 dxc4 8. bxc4
cxd4 9. exd4 Nc6 10. Ne2 Qb6 11. Qb3 Bb4+ 12. Bc3 a5 13. O-O a4 14. Qb2 a3 15.
Qb3 Ra6 16. d5 exd5 17. cxd5 Bxc3 18. Qxb6 Rxb6 19. Nexc3 Nb4 20. Nxa3 Rd8 21.
Nc4 Ra6 22. Ne3 Ra3 23. Rfc1 Nd3 24. Nb5 Nxc1 25. Nxa3 Ne2+ 26. Kf1 Nc3 27. Rc1
Nxa2 28. Rc4 b5 29. Rc2 Nb4 30. Rb2 Nbxd5 31. Nxd5 Nxd5 32. Ke1 b4 33. Nc2 Nc3
34. Bf3 Bb7 35. Be2 Re8 36. Ne3 Nxe2 37. Kxe2 Ba6+ 38. Kf3 Rb8 39. Kf4 Kf8 40.
Ke5 Bc8 41. Kd6 Be6 42. Kc5 b3 43. Kd4 Rc8 44. f4 g6 45. g4 f6 46. h4 h5 47. g5
f5 48. Ke5 Kf7 49. Kd4 Rc1 50. Kd3 Ke7 51. Kd4 Kd6 52. Rd2 Bf7 53. Rb2 Be6 54.
Rd2 Bg8 55. Rb2 Rc5 56. Rb1 Kc6 57. Rb2 Kb5 58. Kd3 Kb4 59. Rb1 Bf7 60. Nd1 Bd5
61. Rb2 Be4+ 62. Kd2 Ka3 63. Nc3 Kxb2 64. Na4+ Ka2 65. Nxc5 b2 66. Na4 b1=Q 67.
Nc3+ Kb2 68. Nxb1 Kxb1 69. Kc3 Kc1 70. Kd4 Kd2 71. Ke5 Ke3 72. Kf6 Kxf4 73.
Kxg6 Kg4 0-1

[Event "XIII Konik Morski Rewala - Open B"]
[Site "Rewal"]
[Date "2008.08.21"]
[Round "3"]
[White "Dubrawska, Greta"]
[Black "Ni, Polina"]
[Result "1/2-1/2"]
[WhiteElo "1568"]
[BlackElo "1925"]
[PlyCount "67"]
[EventDate "2008.??.??"]

1. d4 Nf6 2. c4 e6 3. Nc3 Bb4 4. Bd2 b6 5. Nf3 Bb7 6. g3 Bxc3 7. Bxc3 Ne4 8.
Rc1 d6 9. Bg2 Nd7 10. Qc2 f5 11. b3 O-O 12. Ba1 Qe7 13. O-O g5 14. Nd2 Nxd2 15.
Qxd2 Bxg2 16. Kxg2 f4 17. Rh1 Qf6 18. f3 g4 19. gxf4 Qxf4 20. Qxf4 Rxf4 21.
fxg4 Rxg4+ 22. Kf3 Rg6 23. Rhg1 Rf8+ 24. Ke3 Rff6 25. c5 Rxg1 26. Rxg1+ Rg6 27.
Rxg6+ hxg6 28. cxd6 cxd6 29. Kf4 Kf7 30. e4 Nf6 31. h4 Nh5+ 32. Kg4 Nf6+ 33.
Kf4 Nh5+ 34. Kg4 1/2-1/2

[Event "XIII Konik Morski Rewala - Open B"]
[Site "Rewal"]
[Date "2008.08.21"]
[Round "3"]
[White "Glatty, Zbigniew"]
[Black "Adamus, Filip"]
[Result "1-0"]
[WhiteElo "1903"]
[BlackElo "1716"]
[PlyCount "85"]
[EventDate "2008.??.??"]

1. e4 c5 2. Nf3 e6 3. d4 cxd4 4. Nxd4 Nf6 5. Bd3 Nc6 6. Nb3 d5 7. exd5 exd5 8.
O-O Be7 9. Bf4 O-O 10. c3 Bd6 11. Bg3 Bxg3 12. fxg3 Qb6+ 13. Kh1 Ng4 14. Qd2
Nce5 15. Nc1 Ne3 16. Rf2 N5g4 17. Rf4 Re8 18. h3 Ne5 19. Na3 Nxd3 20. Nxd3 Bf5
21. Nf2 Qc6 22. Rd4 Qd6 23. Kh2 Qh6 24. Re1 Re7 25. Rf4 Rae8 26. Rxe3 Rxe3 27.
Rxf5 Qg6 28. Rf3 Rxf3 29. gxf3 Qf5 30. Kg2 h6 31. Nb5 Qd7 32. Nd4 a6 33. Nd3
Re7 34. f4 Qe8 35. Kf2 Qa4 36. a3 Qd7 37. g4 h5 38. Kf3 hxg4+ 39. hxg4 Re8 40.
Ne5 Qe7 41. Nf5 Qf6 42. Qxd5 g5 43. Qxf7+ 1-0

[Event "XIII Konik Morski Rewala - Open B"]
[Site "Rewal"]
[Date "2008.08.21"]
[Round "3"]
[White "Borowiak, Aleksander"]
[Black "Gora, Jan"]
[Result "1/2-1/2"]
[WhiteElo "1885"]
[BlackElo "1678"]
[PlyCount "127"]
[EventDate "2008.??.??"]

1. e4 c5 2. Nf3 e6 3. d4 cxd4 4. Nxd4 a6 5. g3 Nf6 6. Bg2 Nc6 7. O-O Qc7 8. Nc3
Bb4 9. Nce2 b5 10. c3 Bc5 11. a4 bxa4 12. Rxa4 Bb7 13. Rc4 d6 14. Nxc6 Bxc6 15.
e5 Bxg2 16. Kxg2 dxe5 17. Qa4+ Qd7 18. Qxd7+ Nxd7 19. Rd1 Bb6 20. Rc6 Rb8 21.
b4 Nf6 22. c4 O-O 23. c5 Bd8 24. Bd2 Nd5 25. Rb1 Ba5 26. Rxa6 Bxb4 27. Bxb4
Rxb4 28. Rxb4 Nxb4 29. Ra4 Nd5 30. Re4 f6 31. f4 exf4 32. Rxe6 fxg3 33. hxg3
Rc8 34. c6 Nc7 35. Re7 Nb5 36. Rb7 Nd6 37. Rb6 Nf5 38. Kf3 h5 39. Rb5 g6 40.
Rc5 Kf7 41. c7 Ke7 42. Nf4 Nd4+ 43. Ke4 Ne6 44. Nxg6+ Kf7 45. Rc6 Kxg6 46. Rxe6
Rxc7 47. Kf4 Rc4+ 48. Kf3 Kg5 49. Re8 h4 50. gxh4+ Rxh4 51. Ra8 Rf4+ 52. Kg3
Rb4 53. Ra3 f5 54. Rc3 Rg4+ 55. Kf3 Rh4 56. Rc8 Rh3+ 57. Kg2 Rb3 58. Rc4 f4 59.
Rc8 Kf5 60. Rf8+ Ke4 61. Re8+ Kd4 62. Kf2 Rh3 63. Re7 Ra3 64. Re8 1/2-1/2

[Event "XIII Konik Morski Rewala - Open B"]
[Site "Rewal"]
[Date "2008.08.21"]
[Round "3"]
[White "Major, Boguslaw"]
[Black "Murawko, Katarzyna"]
[Result "1-0"]
[WhiteElo "1845"]
[BlackElo "1622"]
[PlyCount "77"]
[EventDate "2008.??.??"]

1. d4 Nf6 2. Bg5 g6 3. Bxf6 exf6 4. e3 Bg7 5. Nd2 O-O 6. h4 d6 7. h5 Nc6 8. c3
a6 9. Bd3 Re8 10. hxg6 fxg6 11. Qb3+ d5 12. Ne2 Qd6 13. O-O-O b5 14. Nf4 Be6
15. Nxe6 Qxe6 16. e4 Rad8 17. exd5 Qxd5 18. Qxd5+ Rxd5 19. Be4 Rd6 20. Rde1 Kf8
21. Kd1 Red8 22. Rxh7 f5 23. Bxc6 Rxc6 24. Nf3 b4 25. Kd2 bxc3+ 26. bxc3 Rb6
27. Ng5 Rdd6 28. Kc2 Rbc6 29. Kd3 Rb6 30. Rh3 c5 31. Rhe3 Bf6 32. Ne6+ Kf7 33.
Nxc5 Rbc6 34. Nb3 Bg5 35. Re8 Re6 36. R8xe6 Rxe6 37. Rxe6 Kxe6 38. Nc5+ Kd6 39.
Nxa6 1-0

[Event "XIII Konik Morski Rewala - Open B"]
[Site "Rewal"]
[Date "2008.08.21"]
[Round "3"]
[White "Giemza, Joanna"]
[Black "Ryszkiewicz, Anna"]
[Result "1-0"]
[WhiteElo "2024"]
[BlackElo "1719"]
[PlyCount "73"]
[EventDate "2008.??.??"]

1. e4 d6 2. d4 Nf6 3. Nc3 g6 4. f3 Bg7 5. Be3 O-O 6. Qd2 Re8 7. O-O-O c6 8. Bh6
Bh8 9. h4 Qa5 10. Kb1 b5 11. g4 b4 12. Nce2 Be6 13. Nc1 c5 14. d5 Bxg4 15. Re1
Bh5 16. f4 Ng4 17. f5 Nxh6 18. Nb3 Qb6 19. Qxh6 Bg7 20. Qg5 Nd7 21. Be2 Bxe2
22. Rxe2 h5 23. fxg6 fxg6 24. Qxg6 Rf8 25. Rg2 Rf7 26. Ne2 Ne5 27. Qxh5 Nf3 28.
Ng3 c4 29. Nf5 Rxf5 30. Qxf5 cxb3 31. Rxg7+ Kxg7 32. Qxf3 bxc2+ 33. Kxc2 Rc8+
34. Kb1 Qc5 35. Qg2+ Kh7 36. Rg1 Qd4 37. Qg4 1-0

[Event "XIII Konik Morski Rewala - Open B"]
[Site "Rewal"]
[Date "2008.08.21"]
[Round "3"]
[White "Zawada, Jozef"]
[Black "Wieclawska, Katarzyna"]
[Result "1-0"]
[WhiteElo "1878"]
[BlackElo "1555"]
[PlyCount "103"]
[EventDate "2008.??.??"]

1. d4 Nf6 2. c4 e6 3. Nc3 Bb4 4. Bd2 c5 5. e3 cxd4 6. exd4 d5 7. c5 O-O 8. a3
Bxc3 9. Bxc3 Ne4 10. Qc2 Nxc3 11. Qxc3 Nc6 12. Nf3 Re8 13. O-O-O f6 14. Bb5 e5
15. dxe5 fxe5 16. Rhe1 e4 17. Nd4 Bd7 18. Kb1 Nxd4 19. Bxd7 Qxd7 20. Qxd4 Rad8
21. Re3 Qf5 22. Rd2 Qe5 23. Qxe5 Rxe5 24. f3 Rde8 25. Rde2 Kf7 26. fxe4 Rxe4
27. Rf3+ Ke6 28. Rd2 d4 29. Kc2 Re7 30. Kd3 Ke5 31. b4 g6 32. Kc4 Rd7 33. Rfd3
Rd8 34. Rf2 Rd7 35. b5 Re3 36. Rfd2 Rxd3 37. Rxd3 Ke4 38. a4 Rd5 39. Rd1 Rd7
40. c6 bxc6 41. bxc6 Rd8 42. Re1+ Kf4 43. Kc5 d3 44. c7 Rc8 45. Kc6 d2 46. Rb1
Ke3 47. Kb7 Rf8 48. c8=Q Rxc8 49. Kxc8 Ke2 50. a5 d1=Q 51. Rxd1 Kxd1 52. a6 1-0

[Event "XIII Konik Morski Rewala - Open B"]
[Site "Rewal"]
[Date "2008.08.21"]
[Round "3"]
[White "Paterek, Diana"]
[Black "Major, Katarzyna"]
[Result "1/2-1/2"]
[WhiteElo "1429"]
[BlackElo "1768"]
[PlyCount "69"]
[EventDate "2008.??.??"]

1. d4 Nf6 2. g3 g6 3. Bg2 Bg7 4. Nf3 O-O 5. c4 d5 6. O-O Bg4 7. c5 Qc8 8. b4
Bh3 9. Bb2 Bxg2 10. Kxg2 Ne4 11. Nc3 Nxc3 12. Bxc3 b6 13. Qb3 c6 14. a4 Nd7 15.
Rab1 Rb8 16. Qc2 Re8 17. Rfc1 bxc5 18. bxc5 e5 19. e3 e4 20. Ng1 Nf8 21. Rxb8
Qxb8 22. Rb1 Qc8 23. Qe2 Ne6 24. Rb3 Qc7 25. Qb2 Qc8 26. Qe2 h5 27. h3 Kh7 28.
Ba5 Re7 29. Bc3 Qc7 30. Qa6 Qd7 31. Ba5 Ng5 32. Rb8 Qf5 33. Qe2 Qd7 34. Qa6 Qf5
35. Qe2 1/2-1/2

[Event "XIII Konik Morski Rewala - Open B"]
[Site "Rewal"]
[Date "2008.08.23"]
[Round "4"]
[White "Hasinski, Krystian"]
[Black "Kumor, Lukasz"]
[Result "1/2-1/2"]
[WhiteElo "1990"]
[BlackElo "2064"]
[PlyCount "42"]
[EventDate "2008.??.??"]

1. d4 e6 2. c4 d5 3. Nc3 Nf6 4. Bg5 Be7 5. e3 O-O 6. Nf3 c6 7. Bd3 dxc4 8. Bxc4
b5 9. Bd3 Nbd7 10. O-O Bb7 11. Rc1 a6 12. Bxf6 Bxf6 13. Ne4 Be7 14. a3 a5 15.
Qc2 g6 16. Rfd1 Qb6 17. Ne5 Nxe5 18. dxe5 Qc7 19. Qc3 Rfd8 20. Be2 Rd5 21. Rxd5
exd5 1/2-1/2

[Event "XIII Konik Morski Rewala - Open B"]
[Site "Rewal"]
[Date "2008.08.23"]
[Round "4"]
[White "Trepkowski, Piotr"]
[Black "Czarnecki, Wojciech"]
[Result "0-1"]
[WhiteElo "1932"]
[BlackElo "2056"]
[PlyCount "156"]
[EventDate "2008.??.??"]

1. e4 c6 2. d4 d5 3. Nc3 dxe4 4. Nxe4 Bf5 5. Ng3 Bg6 6. f4 e6 7. Nf3 Nd7 8. Bd3
Bxd3 9. Qxd3 Ngf6 10. O-O Bd6 11. Bd2 Qc7 12. Ne5 O-O 13. Nxd7 Nxd7 14. Ne4 Be7
15. Rf3 Nf6 16. Rh3 Nxe4 17. Qxe4 g6 18. Rf1 Bf6 19. Rff3 Qd6 20. Bc3 Rfd8 21.
Rd3 Qd5 22. Qxd5 Rxd5 23. Rd2 Rad8 24. Rhd3 a5 25. Kf1 R8d7 26. Ke2 Bd8 27. Rd1
Bf6 28. h3 h5 29. g4 hxg4 30. hxg4 g5 31. fxg5 Rxg5 32. Kf3 Rgd5 33. Ke4 Kg7
34. Be1 a4 35. c4 Rg5 36. Kf3 Rg6 37. b4 axb3 38. axb3 Rh6 39. d5 cxd5 40. cxd5
exd5 41. Rxd5 Rxd5 42. Rxd5 Rh3+ 43. Ke4 Rxb3 44. Kf5 Rf3+ 45. Ke4 Rf1 46. Bd2
Rb1 47. g5 Ba1 48. Kf5 b5 49. Rd7 Rf1+ 50. Ke4 Rb1 51. Ra7 b4 52. Kd3 Bc3 53.
Bxc3+ bxc3 54. Kxc3 Rd1 55. Ra5 Kg6 56. Kc2 Rg1 57. Kd3 Rxg5 58. Ra4 Re5 59.
Ra8 Kg5 60. Kd2 Kf4 61. Rf8 f5 62. Rg8 Kf3 63. Ra8 f4 64. Rg8 Kf2 65. Rf8 Rd5+
66. Kc3 f3 67. Kc4 Rd6 68. Kc3 Ke2 69. Re8+ Kf1 70. Rg8 Rf6 71. Kd2 Rd6+ 72.
Ke3 f2 73. Re8 Rf6 74. Ra8 Kg2 75. Rg8+ Kh2 76. Rh8+ Kg3 77. Rg8+ Kh4 78. Rh8+
Kg5 0-1

[Event "XIII Konik Morski Rewala - Open B"]
[Site "Rewal"]
[Date "2008.08.23"]
[Round "4"]
[White "Plicner, Adam"]
[Black "Piotrowski, Arkadiusz"]
[Result "1-0"]
[WhiteElo "2060"]
[BlackElo "1955"]
[PlyCount "85"]
[EventDate "2008.??.??"]

1. c4 c6 2. g3 d5 3. Bg2 d4 4. Nf3 g6 5. O-O Bg7 6. d3 e5 7. b4 Ne7 8. a4 O-O
9. Qb3 Bg4 10. Ba3 Re8 11. Nbd2 Nd7 12. h3 Bf5 13. Ng5 Nc8 14. Nge4 Be6 15. b5
f5 16. bxc6 bxc6 17. Nc5 Nxc5 18. Bxc5 Qc7 19. Rfb1 Nd6 20. Bxd6 Qxd6 21. Qb7
Bd7 22. Qa6 Bh6 23. Nb3 Qc7 24. Nc5 Rad8 25. Nxd7 Rxd7 26. Qxc6 Rde7 27. Rb5
Qxc6 28. Bxc6 Rc8 29. Bd5+ Kg7 30. Rab1 Bd2 31. a5 Rcc7 32. a6 Kf6 33. Rb7 Ba5
34. R1b5 Bc3 35. Rb8 e4 36. Rf8+ Kg7 37. Ra8 exd3 38. exd3 Kf6 39. Rb7 Ba5 40.
Raxa7 Bb6 41. Rxb6+ Kg5 42. Rxc7 Rxc7 43. Rb7 1-0

[Event "XIII Konik Morski Rewala - Open B"]
[Site "Rewal"]
[Date "2008.08.23"]
[Round "4"]
[White "Czernicki, Bogdan"]
[Black "Liberadzki, Slawomir"]
[Result "0-1"]
[WhiteElo "2032"]
[BlackElo "1969"]
[PlyCount "78"]
[EventDate "2008.??.??"]

1. d4 d5 2. Nf3 Nf6 3. Bf4 e6 4. Nbd2 Bd6 5. g3 Bxf4 6. gxf4 c5 7. c3 Qb6 8.
Rb1 Bd7 9. Nb3 cxd4 10. Nfxd4 Nc6 11. e3 Nxd4 12. Nxd4 Ne4 13. h4 h5 14. Bd3
Nd6 15. a4 g6 16. Nf3 Bc6 17. Rg1 Nc4 18. b3 Nd6 19. Ne5 a6 20. Qc2 Rg8 21. Ke2
Qc7 22. Nxg6 fxg6 23. Bxg6+ Nf7 24. Bxh5 O-O-O 25. Qh7 Rxg1 26. Rxg1 Nd6 27.
Rg7 Bd7 28. Qd3 Ne4 29. c4 dxc4 30. Qxe4 cxb3 31. Bf3 Qc2+ 32. Kf1 Bc6 33.
Qxe6+ Kb8 34. Qe5+ Ka8 35. Bxc6 Qxc6 36. e4 Qc1+ 37. Kg2 b2 38. Qa5 Qd1 39.
Rxb7 Rg8+ 0-1